| 000 | 00467nam a22001697a 4500 | ||
|---|---|---|---|
| 005 | 20251017132327.0 | ||
| 008 | 251017b |||||||| |||| 00| 0 eng d | ||
| 020 | _qhbk | ||
| 041 | _aeng | ||
| 082 |
_a581.10427 _bSEN |
||
| 100 | _aSen,d.n | ||
| 245 |
_a Structure, Function And Ecology Of Stomata _cD.N. Sen , D.D. Chawan , R.P. BANSAL |
||
| 250 | _a1st | ||
| 260 |
_aDehra Dun _bM/s Bishen Singh Mahendra Pal Singh _c1979 |
||
| 650 | _aBotany | ||
| 942 | _cREF | ||
| 999 |
_c592105 _d592105 |
||